[Event "Oberliga Baden 2223"]
[Site "Germany"]
[Date "2023.01.15"]
[Round "5.6"]
[White "Schneider, Bernd"]
[Black "Moeldner, Juergen"]
[Result "1/2-1/2"]
[WhiteElo "2339"]
[BlackElo "2232"]
[PlyCount "99"]
[EventDate "2022.09.18"]
[EventType "team-tourn"]
[EventRounds "9"]
[EventCountry "GER"]
[SourceTitle "EXT 2024"]
[Source "ChessBase"]
[SourceDate "2023.10.10"]
[SourceVersion "1"]
[SourceVersionDate "2023.10.10"]
[SourceQuality "1"]
[WhiteTeam "Untergrombach"]
[BlackTeam "Hockenheim"]
[WhiteTeamCountry "GER"]
[BlackTeamCountry "GER"]

1. c4 e6 2. g3 d5 3. Bg2 Nf6 4. Nf3 Be7 5. 0-0 0-0 6. b3 Nbd7 7. Bb2 b6 8. cxd5 exd5 9. Nd4 Bb7 10. Nf5 Re8 11. Nxe7+ Qxe7 12. Re1 Rad8 13. d3 Ne5 14. h3 c5 15. d4 Nc6 16. dxc5 bxc5 17. Nd2 Ne4 18. Nxe4 dxe4 19. Qc1 Nd4 20. Qe3 f5 21. Rac1 Ne6 22. Red1 Rxd1+ 23. Rxd1 Rd8 24. Rd2 Rd5 25. Rxd5 Bxd5 26. Bf1 Qd6 27. Qc3 Kf7 28. e3 Ke7 29. h4 Kd7 30. Bh3 g6 31. Qh8 Qe7 32. Qb8 Kc6 33. Bf1 Qb7 34. Qe8+ Kd6 35. Qh8 Kc6 36. Be5 a6 37. Qe8+ Kb6 38. Qa4 Ka7 39. Qe8 Kb6 40. Bc3 Qc6 41. Qb8+ Qb7 42. Qe5 Qd7 43. b4 Bxa2 44. bxc5+ Kc6 45. Qb8 Nxc5 46. Bd4 Qb7 47. Qf8 Ne6 48. Qe8+ Qd7 49. Qa8+ Qb7 50. Qe8+ 1/2-1/2

[Event "Bayern-chI Bank Hofmann 25th"]
[Site "Tegernsee"]
[Date "2022.11.06"]
[Round "2"]
[White "Moeldner, Juergen"]
[Black "Safarli, Eltaj"]
[Result "0-1"]
[WhiteElo "2225"]
[BlackElo "2616"]
[PlyCount "60"]
[EventDate "2022.11.05"]
[EventType "swiss"]
[EventRounds "9"]
[EventCountry "GER"]
[SourceTitle "CBM 211 Extra"]
[Source "ChessBase"]
[SourceDate "2023.01.31"]
[SourceVersion "1"]
[SourceVersionDate "2023.01.31"]
[SourceQuality "1"]

1. d4 Nf6 2. c4 g6 3. Nc3 d5 4. Bg5 Ne4 5. Bh4 Nxc3 6. bxc3 dxc4 7. e3 Be6 8. Nf3 Bg7 9. Be2 0-0 10. 0-0 c5 11. Rb1 cxd4 12. Nxd4 Bd5 13. Bf3 Nc6 14. e4 Be6 15. Nxe6 fxe6 16. Rxb7 Bxc3 17. Qc1 Qd2 18. Qa3 Bf6 19. Bxf6 Rxf6 20. Rc7 e5 21. Rd1 Qa5 22. Qxa5 Nxa5 23. Rd5 Nc6 24. Rc5 Rb8 25. h3 Nd4 26. Rxe7 Rc6 27. Rc7 Rxc7 28. Rxc7 Rb1+ 29. Kh2 Rc1 30. Rxa7 c3 0-1

[Event "Oberliga Baden 2122"]
[Site "Germany"]
[Date "2022.05.14"]
[Round "5.4"]
[White "Moeldner, Juergen"]
[Black "Muetsch, Annmarie"]
[Result "1-0"]
[WhiteElo "2252"]
[BlackElo "2263"]
[PlyCount "119"]
[EventDate "2021.10.10"]
[EventType "team-tourn"]
[EventRounds "11"]
[EventCountry "GER"]
[SourceTitle "EXT 2023"]
[Source "ChessBase"]
[SourceDate "2022.10.05"]
[SourceVersion "1"]
[SourceVersionDate "2022.10.05"]
[SourceQuality "1"]
[WhiteTeam "Hockenheim"]
[BlackTeam "Viernheim II"]
[WhiteTeamCountry "GER"]
[BlackTeamCountry "GER"]

1. e4 e5 2. Nf3 Nc6 3. Bc4 Bc5 4. d3 Nf6 5. Nc3 h6 6. a3 a5 7. Be3 Ba7 8. h3 d6 9. Bxa7 Rxa7 10. d4 Qe7 11. 0-0 0-0 12. Re1 Ra8 13. Nd5 Qd8 14. c3 Re8 15. Qd3 Nb8 16. Rad1 Nbd7 17. Ba2 c6 18. Nxf6+ Qxf6 19. Re3 Qe7 20. Nd2 Nf6 21. Qe2 b5 22. Bb1 Bd7 23. Nf1 Rad8 24. Ng3 g6 25. Qd2 h5 26. Ree1 h4 27. Nf1 Nh5 28. Qh6 Qf6 29. Nh2 Nf4 30. Re3 Nh5 31. Nf3 Bc8 32. Ba2 Be6 33. d5 cxd5 34. Bxd5 Bxd5 35. Rxd5 b4 36. Rxa5 bxa3 37. Rxa3 d5 38. exd5 Rxd5 39. Ra1 e4 40. Rae1 Ng7 41. Rxe4 Rxe4 42. Rxe4 Rd1+ 43. Re1 Qxf3 44. gxf3 Rxe1+ 45. Kg2 Re2 46. Qc1 Ne6 47. Kf1 Re5 48. b4 Rf5 49. Qe3 Ng5 50. Kg2 Ne6 51. c4 Rf4 52. Qc3 Rd4 53. c5 Rd3 54. Qe5 Rb3 55. Qe4 g5 56. c6 Rb2 57. c7 Nxc7 58. Qe5 Rxb4 59. Qxg5+ Kh7 60. Qf5+ 1-0

[Event "Oberliga Baden 2122"]
[Site "Germany"]
[Date "2022.04.10"]
[Round "11.5"]
[White "Moeldner, Juergen"]
[Black "Pfrommer, Christoph"]
[Result "1/2-1/2"]
[WhiteElo "2252"]
[BlackElo "2289"]
[PlyCount "81"]
[EventDate "2021.10.10"]
[EventType "team-tourn"]
[EventRounds "11"]
[EventCountry "GER"]
[SourceTitle "EXT 2023"]
[Source "ChessBase"]
[SourceDate "2022.10.05"]
[SourceVersion "1"]
[SourceVersionDate "2022.10.05"]
[SourceQuality "1"]
[WhiteTeam "Hockenheim"]
[BlackTeam "Karlsruhe"]
[WhiteTeamCountry "GER"]
[BlackTeamCountry "GER"]

1. e4 c6 2. d4 d5 3. e5 c5 4. dxc5 e6 5. Be3 Nd7 6. Bb5 Ne7 7. c3 a6 8. Ba4 b5 9. cxb6 Nf5 10. Bd4 Nxd4 11. Qxd4 Be7 12. Nf3 0-0 13. Bxd7 Bxd7 14. a4 a5 15. b4 axb4 16. a5 b3 17. 0-0 Bb5 18. Re1 b2 19. Ra2 Bc4 20. Rxb2 Rxa5 21. Nbd2 Bc5 22. Qf4 Bxb6 23. Nxc4 dxc4 24. Qxc4 Rd5 25. h3 h6 26. Qe2 Ba5 27. Rc1 Qe7 28. c4 Rc5 29. Rbc2 Rfc8 30. Ra2 Bb6 31. Ra6 R5c6 32. Qa2 Qb7 33. Ra4 Qc7 34. Rb1 Qd8 35. Ra6 Qc7 36. Ra8 Rxa8 37. Qxa8+ Kh7 38. Nd2 Bd4 39. Nf3 Bb6 40. Nd2 Bd4 41. Nf3 1/2-1/2

[Event "Oberliga Baden 2122"]
[Site "Germany"]
[Date "2022.03.06"]
[Round "8.3"]
[White "Moeldner, Juergen"]
[Black "Kachiani Gersinska, Ketino"]
[Result "0-1"]
[WhiteElo "2252"]
[BlackElo "2295"]
[PlyCount "82"]
[EventDate "2021.10.10"]
[EventType "team-tourn"]
[EventRounds "11"]
[EventCountry "GER"]
[SourceTitle "EXT 2023"]
[Source "ChessBase"]
[SourceDate "2022.10.05"]
[SourceVersion "1"]
[SourceVersionDate "2022.10.05"]
[SourceQuality "1"]
[WhiteTeam "Hockenheim"]
[BlackTeam "Baden-Baden III"]
[WhiteTeamCountry "GER"]
[BlackTeamCountry "GER"]

1. d4 Nf6 2. c4 g6 3. Nc3 Bg7 4. e4 d6 5. Nge2 0-0 6. Ng3 e5 7. d5 h5 8. Bg5 Qe8 9. Be2 a5 10. 0-0 Nh7 11. Bd2 Na6 12. Qc2 Bd7 13. Rae1 h4 14. Nh1 f5 15. f3 f4 16. Nf2 Nf6 17. Rb1 Nh5 18. h3 Ng3 19. Rfe1 c6 20. a3 a4 21. Nxa4 cxd5 22. Nb6 dxe4 23. fxe4 Ra7 24. Nxd7 Qxd7 25. Bg4 Qe7 26. Nd3 Qc7 27. b4 Nb8 28. Qb3 Kh7 29. Bc1 Nc6 30. b5 Nd4 31. Qa2 Ra4 32. Rb4 Raa8 33. Qf2 Qb6 34. Bb2 f3 35. gxf3 Bh6 36. Kg2 Rae8 37. Ra4 Re7 38. Bxd4 exd4 39. Qc2 Be3 40. c5 dxc5 41. Qxc5 Rc7 0-1

[Event "Verbandsliga Nordbaden 1920"]
[Site "Baden"]
[Date "2020.01.12"]
[Round "4.5"]
[White "Zimmermann, Paul"]
[Black "Moeldner, Juergen"]
[Result "0-1"]
[WhiteElo "2115"]
[BlackElo "2234"]
[PlyCount "110"]
[EventDate "2019.09.29"]
[EventType "team-tourn"]
[EventRounds "9"]
[EventCountry "GER"]
[SourceTitle "EXT 2021"]
[Source "ChessBase"]
[SourceDate "2020.10.23"]
[SourceVersion "1"]
[SourceVersionDate "2020.10.23"]
[SourceQuality "1"]
[WhiteTeam "Karlsruhe II"]
[BlackTeam "Hockenheim II"]
[WhiteTeamCountry "GER"]
[BlackTeamCountry "GER"]

1. d4 Nf6 2. Nf3 g6 3. c4 Bg7 4. Nc3 0-0 5. e4 d6 6. Be2 e5 7. 0-0 exd4 8. Nxd4 Re8 9. Bg5 h6 10. Bxf6 Qxf6 11. Nb3 Na6 12. Rc1 c6 13. Bg4 Be6 14. Bxe6 Qxe6 15. Nd2 Nc5 16. Qc2 a5 17. Rfe1 Rad8 18. g3 Re7 19. Kg2 Rde8 20. Re2 Qc8 21. Rce1 Ne6 22. Nf3 Nf4+ 23. gxf4 Qg4+ 24. Kf1 Qxf3 25. Re3 Qxf4 26. Ne2 Qxh2 27. Qd3 Qe5 28. b3 Qc5 29. Rd1 Re6 30. Nd4 Rf6 31. Nf3 Qh5 32. Rde1 Rf4 33. Nd2 Qc5 34. Qe2 Bd4 35. Rf3 Qh5 36. Qd3 Rxf3 37. Nxf3 Bc5 38. Ng1 Qh2 39. Re2 Re6 40. Qh3 Qf4 41. Qf3 Qxf3 42. Nxf3 g5 43. Ne1 Kg7 44. Nd3 Bd4 45. Kg2 f5 46. f3 fxe4 47. fxe4 Kg6 48. Kf3 Rf6+ 49. Kg2 h5 50. a3 h4 51. b4 axb4 52. axb4 b6 53. b5 c5 54. Ne1 g4 55. Nd3 Kg5 0-1

[Event "Verbandsliga Nordbaden 1920"]
[Site "Baden"]
[Date "2019.12.01"]
[Round "3.4"]
[White "Joeres, Stefan"]
[Black "Moeldner, Juergen"]
[Result "1/2-1/2"]
[WhiteElo "2207"]
[BlackElo "2234"]
[PlyCount "94"]
[EventDate "2019.09.29"]
[EventType "team-tourn"]
[EventRounds "9"]
[EventCountry "GER"]
[SourceTitle "EXT 2021"]
[Source "ChessBase"]
[SourceDate "2020.10.23"]
[SourceVersion "1"]
[SourceVersionDate "2020.10.23"]
[SourceQuality "1"]
[WhiteTeam "Karlsruhe"]
[BlackTeam "Hockenheim II"]
[WhiteTeamCountry "GER"]
[BlackTeamCountry "GER"]

1. c4 c5 2. Nc3 b6 3. Nf3 Bb7 4. e4 e6 5. d4 cxd4 6. Nxd4 d6 7. Be2 Nf6 8. f3 Nbd7 9. Be3 Be7 10. 0-0 0-0 11. Rc1 Re8 12. Qd2 a6 13. Nb3 Qc7 14. Rfd1 Rac8 15. Qe1 Qb8 16. Qf2 Ba8 17. Rd2 Nc5 18. Nxc5 bxc5 19. Bd1 Red8 20. Bb3 Nd7 21. Rcd1 Ne5 22. Qe2 Nc6 23. Ba4 Nd4 24. Qf2 Qb4 25. a3 Qxc4 26. Bxd4 cxd4 27. Qxd4 Qxd4+ 28. Rxd4 d5 29. Kf1 Bf6 30. R4d3 dxe4 31. Rxd8+ Rxd8 32. Rxd8+ Bxd8 33. Nxe4 Bxe4 34. fxe4 Bf6 35. b4 Bb2 36. Bb3 Bxa3 37. Bc4 Bxb4 38. Bxa6 Kf8 39. Ke2 Ke7 40. Kf3 Kf6 41. h3 Ke5 42. Bb5 Bd2 43. Be8 f6 44. Bd7 g6 45. Bc8 h5 46. g3 Be1 47. g4 hxg4+ 1/2-1/2

[Event "Bayern-chI Bank Hofmann 23rd"]
[Site "Tegernsee"]
[Date "2019.10.30"]
[Round "5"]
[White "Hoffmann, Michael"]
[Black "Moeldner, Juergen"]
[Result "1-0"]
[WhiteElo "2445"]
[BlackElo "2234"]
[PlyCount "73"]
[EventDate "2019.10.26"]
[EventType "swiss"]
[EventRounds "9"]
[EventCountry "GER"]
[SourceTitle "CBM 192 Extra"]
[Source "Chessbase"]
[SourceDate "2019.11.06"]
[SourceVersion "1"]
[SourceVersionDate "2019.11.06"]
[SourceQuality "1"]

1. c4 c5 2. Nf3 Nf6 3. Nc3 e6 4. e3 b6 5. d4 cxd4 6. exd4 Bb7 7. Bd3 Be7 8. 0-0 0-0 9. d5 exd5 10. cxd5 d6 11. Nd4 a6 12. Bf4 g6 13. Qf3 Ra7 14. Rfe1 Nh5 15. Bh6 Ng7 16. Nc6 Nxc6 17. dxc6 Bc8 18. Nd5 Be6 19. Rac1 Bxd5 20. Qxd5 Bf6 21. b3 Qc7 22. g3 Rd8 23. Qf3 Be5 24. Be4 Qb8 25. Bd5 Nf5 26. Bg5 Rf8 27. Re4 Kg7 28. Rce1 h6 29. Bf4 Re7 30. Qd3 b5 31. a4 Rfe8 32. Bd2 Bf6 33. Ba5 bxa4 34. bxa4 Qc8 35. c7 Be5 36. Kg2 h5 37. Rb1 1-0

[Event "Bayern-chI Bank Hofmann 22nd"]
[Site "Tegernsee"]
[Date "2018.11.01"]
[Round "6"]
[White "Moeldner, Juergen"]
[Black "Zanan, Evgeny"]
[Result "0-1"]
[WhiteElo "2209"]
[BlackElo "2514"]
[PlyCount "90"]
[EventDate "2018.10.27"]
[EventType "swiss"]
[EventRounds "9"]
[EventCountry "GER"]
[SourceTitle "CBM 187 Extra"]
[Source "ChessBase"]
[SourceDate "2018.11.04"]
[SourceVersion "1"]
[SourceVersionDate "2018.11.04"]
[SourceQuality "1"]

1. e4 c5 2. Nf3 e6 3. d4 cxd4 4. Nxd4 Nc6 5. Nc3 Qc7 6. g3 a6 7. Bg2 Nf6 8. Nde2 Bc5 9. 0-0 h5 10. Bf4 Ne5 11. Nd4 d6 12. Nb3 Ba7 13. a4 h4 14. Qe2 hxg3 15. hxg3 Nfg4 16. Nd1 Bd7 17. Ne3 Nf6 18. Rfd1 Nh5 19. Bxe5 dxe5 20. Nc4 Nxg3 21. Qd3 Nh5 22. Nxe5 Rd8 23. Nxd7 Nf4 24. Qd6 Rxd7 25. Qxd7+ Qxd7 26. Rxd7 Kxd7 27. Rd1+ Kc7 28. Rd2 Rh4 29. Kf1 Nxg2 30. Kxg2 Rxe4 31. a5 g5 32. c3 f5 33. Nc1 Bc5 34. Ne2 g4 35. Ng3 Re1 36. Nh5 Be7 37. Ng7 Kc6 38. b4 Bf6 39. Ne8 Be5 40. c4 f4 41. f3 g3 42. Kh3 Rh1+ 43. Kg4 Rh8 44. Re2 Rxe8 45. Rxe5 g2 0-1

[Event "Bayern-chI Bank Hofmann 22nd"]
[Site "Tegernsee"]
[Date "2018.10.31"]
[Round "5"]
[White "Jimenez de la Torre, Jose Antonio"]
[Black "Moeldner, Juergen"]
[Result "0-1"]
[WhiteElo "2076"]
[BlackElo "2209"]
[PlyCount "52"]
[EventDate "2018.10.27"]
[EventType "swiss"]
[EventRounds "9"]
[EventCountry "GER"]
[SourceTitle "CBM 187 Extra"]
[Source "ChessBase"]
[SourceDate "2018.11.04"]
[SourceVersion "1"]
[SourceVersionDate "2018.11.04"]
[SourceQuality "1"]

1. e4 e6 2. d4 d5 3. e5 c5 4. c3 Nc6 5. Nf3 Bd7 6. Be2 Nge7 7. a3 Nf5 8. b4 cxd4 9. cxd4 Qb6 10. Bb2 Be7 11. 0-0 Rc8 12. g4 Nh4 13. Nbd2 Ng6 14. Nb3 Nf4 15. Bc1 Nxe2+ 16. Qxe2 Nb8 17. Qb2 Bb5 18. Re1 Qd8 19. Bf4 b6 20. Rac1 Nc6 21. Rc3 0-0 22. Nbd2 Qd7 23. Rec1 a6 24. Qc2 Na7 25. Rc7 Rxc7 26. Qxc7 Rc8 0-1

[Event "Oberliga Sued W 1718"]
[Site "Germany"]
[Date "2018.02.25"]
[Round "9.5"]
[White "Ronge, Tim Hendrick"]
[Black "Moeldner, Juergen"]
[Result "1/2-1/2"]
[WhiteElo "2125"]
[BlackElo "2202"]
[PlyCount "77"]
[EventDate "2017.09.10"]
[EventType "team-tourn"]
[EventRounds "11"]
[EventCountry "GER"]
[SourceTitle "EXT 2019"]
[Source "ChessBase"]
[SourceDate "2018.10.10"]
[SourceVersion "1"]
[SourceVersionDate "2018.10.10"]
[SourceQuality "1"]
[WhiteTeam "Heimbach Weis/Neuwied"]
[BlackTeam "Landau"]
[WhiteTeamCountry "GER"]
[BlackTeamCountry "GER"]

1. d4 Nf6 2. Bg5 e6 3. e4 h6 4. Bxf6 Qxf6 5. c3 d6 6. Bd3 g6 7. Ne2 Bg7 8. 0-0 0-0 9. f4 Qe7 10. f5 exf5 11. exf5 g5 12. Ng3 Nd7 13. Kh1 d5 14. Nh5 Nf6 15. Nd2 Bd7 16. Nxf6+ Bxf6 17. Nf3 Rae8 18. Qc2 Qd6 19. Rae1 c5 20. Qf2 cxd4 21. cxd4 Rxe1 22. Rxe1 Re8 23. Rxe8+ Bxe8 24. Qe2 Bc6 25. g3 Qb4 26. Qf2 Kg7 27. g4 Qa4 28. b3 Qb4 29. h4 Qc3 30. hxg5 hxg5 31. Qc2 Qb4 32. Qc1 a5 33. Kg2 a4 34. Qc5 Qxc5 35. dxc5 a3 36. Kf2 Kf8 37. Ke3 Bb2 38. Nd4 Ke7 39. Nxc6+ 1/2-1/2

[Event "Oberliga Sued W 1718"]
[Site "Germany"]
[Date "2018.01.21"]
[Round "7.6"]
[White "Moeldner, Juergen"]
[Black "Bauer, Bjoern Benny"]
[Result "1-0"]
[WhiteElo "2202"]
[BlackElo "2206"]
[PlyCount "109"]
[EventDate "2017.09.10"]
[EventType "team-tourn"]
[EventRounds "11"]
[EventCountry "GER"]
[SourceTitle "EXT 2019"]
[Source "ChessBase"]
[SourceDate "2018.10.10"]
[SourceVersion "1"]
[SourceVersionDate "2018.10.10"]
[SourceQuality "1"]
[WhiteTeam "Landau"]
[BlackTeam "Gau Algesheim"]
[WhiteTeamCountry "GER"]
[BlackTeamCountry "GER"]

1. e4 c5 2. Nf3 Nc6 3. d4 cxd4 4. Nxd4 Nf6 5. Nc3 e5 6. Ndb5 d6 7. Bg5 a6 8. Na3 b5 9. Nd5 Be7 10. Bxf6 Bxf6 11. c3 Ne7 12. Nxe7 Bxe7 13. Bd3 0-0 14. Nc2 f5 15. Nb4 Bb7 16. Qb3+ Kh8 17. Nd5 Bxd5 18. Qxd5 f4 19. Be2 Rc8 20. Bf3 b4 21. cxb4 Qb6 22. 0-0 Rc2 23. Rac1 Rxb2 24. Qe6 Qb7 25. a3 g6 26. Rc3 Qa7 27. Bd1 Rd2 28. Bb3 Bh4 29. Rf3 Qd4 30. Qc4 Qxc4 31. Bxc4 Rd4 32. Bxa6 Rxe4 33. Rd3 Be7 34. Rc1 Kg7 35. Kf1 Kf6 36. Bb7 Rd4 37. Rxd4 exd4 38. Ke2 Rb8 39. Ba6 d5 40. Rc6+ Ke5 41. Kd3 Bd6 42. Rc2 Ra8 43. Re2+ Kf6 44. b5 Bxa3 45. Kxd4 Rd8 46. b6 g5 47. Ra2 Bf8 48. Rc2 Bd6 49. Rc6 Ke7 50. Bc8 h5 51. b7 Bb8 52. Ra6 f3 53. g3 h4 54. Ra8 hxg3 55. hxg3 1-0

[Event "Oberliga Sued W 1718"]
[Site "Germany"]
[Date "2017.11.12"]
[Round "4.5"]
[White "Moeldner, Juergen"]
[Black "Schmidt, Johannes"]
[Result "1-0"]
[WhiteElo "2202"]
[BlackElo "2164"]
[PlyCount "61"]
[EventDate "2017.09.10"]
[EventType "team-tourn"]
[EventRounds "11"]
[EventCountry "GER"]
[SourceTitle "EXT 2019"]
[Source "ChessBase"]
[SourceDate "2018.10.10"]
[SourceVersion "1"]
[SourceVersionDate "2018.10.10"]
[SourceQuality "1"]
[WhiteTeam "Landau"]
[BlackTeam "Illingen Turm"]
[WhiteTeamCountry "GER"]
[BlackTeamCountry "GER"]

1. e4 c5 2. Nf3 e6 3. d4 cxd4 4. Nxd4 Nf6 5. Nc3 d6 6. g3 Nc6 7. Bg2 Bd7 8. Nde2 a6 9. a4 Be7 10. 0-0 0-0 11. h3 Qc7 12. Be3 Rab8 13. Qd2 b5 14. axb5 axb5 15. Rfd1 Ne5 16. b3 Bc6 17. f4 Ned7 18. Nd4 Nc5 19. Nxc6 Qxc6 20. e5 Nce4 21. Nxe4 Nxe4 22. Qb4 d5 23. Qxe7 Qxc2 24. Bxe4 Qxe4 25. Bf2 Rbc8 26. Rdc1 Rc2 27. Rxc2 Qxc2 28. b4 Rc8 29. Ra7 Qf5 30. Qc5 Rb8 31. Qxb5 1-0

[Event "Bayern-chI Bank Hofmann 21st"]
[Site "Tegernsee"]
[Date "2017.11.04"]
[Round "8"]
[White "Donchenko, Anatoly G"]
[Black "Moeldner, Juergen"]
[Result "1-0"]
[WhiteElo "2301"]
[BlackElo "2195"]
[PlyCount "111"]
[EventDate "2017.10.28"]
[EventType "swiss"]
[EventRounds "9"]
[EventCountry "GER"]
[SourceTitle "CBM 181 Extra"]
[Source "ChessBase"]
[SourceDate "2017.12.12"]
[SourceVersion "1"]
[SourceVersionDate "2017.12.12"]
[SourceQuality "1"]

1. c4 Nf6 2. Nc3 c5 3. Nf3 Nc6 4. d4 cxd4 5. Nxd4 g6 6. g3 Bg7 7. Bg2 Nxd4 8. Qxd4 0-0 9. 0-0 d6 10. Qd3 Nd7 11. b3 Ne5 12. Qd2 Rb8 13. h3 Bd7 14. Bb2 Bc6 15. e4 a6 16. Nd5 Bd7 17. f4 Nc6 18. Rac1 Bxb2 19. Qxb2 f6 20. Kh2 e6 21. Nc3 b5 22. cxb5 axb5 23. Rfd1 b4 24. Ne2 Qe7 25. Qd2 Rfd8 26. Qxd6 Be8 27. Qxe7 Nxe7 28. Kg1 e5 29. Kf2 Bb5 30. Rxd8+ Rxd8 31. Rc5 Ba6 32. Ke1 Kf7 33. fxe5 fxe5 34. Rxe5 Bxe2 35. Kxe2 Ra8 36. Ke3 Rxa2 37. Bf1 Rc2 38. Bc4+ Ke8 39. Rb5 Rc3+ 40. Kf4 Kd7 41. Rb7+ Ke8 42. h4 h6 43. Rxb4 g5+ 44. hxg5 hxg5+ 45. Kg4 Kd8 46. Rb5 Re3 47. Bd5 Kc7 48. Rb7+ Kd6 49. b4 Nxd5 50. exd5 Rb3 51. b5 Kc5 52. Rb8 Rd3 53. d6 Rd5 54. Kh5 Rxd6 55. Kxg5 Rd7 56. g4 1-0

[Event "Oberliga Sued W 1617"]
[Site "Germany"]
[Date "2017.02.19"]
[Round "7.4"]
[White "Hell, Manfred"]
[Black "Moeldner, Juergen"]
[Result "1/2-1/2"]
[WhiteElo "2161"]
[BlackElo "2195"]
[PlyCount "75"]
[EventDate "2016.09.25"]
[EventType "team-tourn"]
[EventRounds "9"]
[EventCountry "GER"]
[SourceTitle "EXT 2018"]
[Source "ChessBase"]
[SourceDate "2017.10.13"]
[SourceVersion "1"]
[SourceVersionDate "2017.10.13"]
[SourceQuality "1"]
[WhiteTeam "Winterbach Turm"]
[BlackTeam "Landau"]
[WhiteTeamCountry "GER"]
[BlackTeamCountry "GER"]

1. d4 Nf6 2. Nf3 g6 3. c4 Bg7 4. Nc3 d5 5. cxd5 Nxd5 6. e4 Nxc3 7. bxc3 c5 8. Be3 Qa5 9. Qd2 0-0 10. Rb1 cxd4 11. cxd4 Qxd2+ 12. Nxd2 Rd8 13. d5 Nd7 14. Be2 Nb6 15. Bg5 Kf8 16. 0-0 Bd7 17. d6 f6 18. dxe7+ Kxe7 19. Be3 Rdc8 20. Rfc1 Rxc1+ 21. Rxc1 Rc8 22. Rxc8 Bxc8 23. Bxb6 axb6 24. Nc4 Be6 25. a4 Bxc4 26. Bxc4 Kd6 27. f3 Kc5 28. Bb5 Kd4 29. Kf2 Bf8 30. Be8 g5 31. g3 g4 32. Bd7 gxf3 33. Kxf3 Ke5 34. Bf5 h6 35. Kg4 Bc5 36. Kh5 Bg1 37. h3 Be3 38. Kg6 1/2-1/2

[Event "Oberliga Sued W 1617"]
[Site "Germany"]
[Date "2016.09.25"]
[Round "1.7"]
[White "Schluchter, Steffen"]
[Black "Moeldner, Juergen"]
[Result "1/2-1/2"]
[WhiteElo "2162"]
[BlackElo "2195"]
[PlyCount "131"]
[EventDate "2016.09.25"]
[EventType "team-tourn"]
[EventRounds "9"]
[EventCountry "GER"]
[SourceTitle "EXT 2018"]
[Source "ChessBase"]
[SourceDate "2017.10.13"]
[SourceVersion "1"]
[SourceVersionDate "2017.10.13"]
[SourceQuality "1"]
[WhiteTeam "Worms"]
[BlackTeam "Landau"]
[WhiteTeamCountry "GER"]
[BlackTeamCountry "GER"]

1. e4 e6 2. d4 d5 3. exd5 exd5 4. Bd3 Nf6 5. Bf4 Bd6 6. Ne2 Bg4 7. h3 Bh5 8. Qd2 0-0 9. Nbc3 Re8 10. 0-0 Nc6 11. Bg5 Nb4 12. Nf4 Bg6 13. Nxg6 hxg6 14. Bb5 c6 15. Be2 a5 16. a3 Na6 17. Rfe1 Qd7 18. Bd3 b5 19. Rxe8+ Qxe8 20. Re1 Qd7 21. a4 b4 22. Ne2 Nc7 23. Bf4 Re8 24. Bxd6 Qxd6 25. Nc1 Ne6 26. Nb3 Qc7 27. Re3 g5 28. Bf5 Nf4 29. Rxe8+ Nxe8 30. g3 Nd6 31. gxf4 Nxf5 32. fxg5 Qe7 33. Qf4 g6 34. Nxa5 Qe1+ 35. Kg2 Qd1 36. Nxc6 Qxc2 37. Nxb4 Qb3 38. Na6 Qxa4 39. Nc5 Qb4 40. Nd7 Qxb2 41. Qe5 Nh4+ 42. Kg3 Nf5+ 43. Kg4 Qxd4+ 44. Qxd4 Nxd4 45. Nf6+ Kg7 46. Nxd5 Kf8 47. h4 Ne6 48. Kf3 Nc5 49. Ke3 Ne6 50. Ke4 Nc5+ 51. Kd4 Ne6+ 52. Ke5 Nc5 53. f3 Nd3+ 54. Kd4 Ne1 55. Ke4 Ng2 56. h5 gxh5 57. Nf4 h4 58. Nh3 Kg7 59. Kf5 Ne1 60. f4 Nc2 61. Ke5 Nb4 62. f5 Nc6+ 63. Ke4 f6 64. g6 Ne7 65. Nf4 h3 66. Nxh3 1/2-1/2

[Event "BL2-Sued 1516"]
[Site "Germany"]
[Date "2016.04.10"]
[Round "9.3"]
[White "Kantans, Toms"]
[Black "Moeldner, Juergen"]
[Result "1-0"]
[WhiteElo "2513"]
[BlackElo "2248"]
[PlyCount "43"]
[EventDate "2015.09.20"]
[EventType "team-tourn"]
[EventRounds "9"]
[EventCountry "GER"]
[SourceTitle "EXT 2017"]
[Source "ChessBase"]
[SourceDate "2016.10.25"]
[SourceVersion "1"]
[SourceVersionDate "2016.10.25"]
[SourceQuality "1"]
[WhiteTeam "Schwegenheim"]
[BlackTeam "Landau"]
[WhiteTeamCountry "GER"]
[BlackTeamCountry "GER"]

1. e4 e6 2. c4 c5 3. Nc3 Nc6 4. Nf3 a6 5. Be2 Qc7 6. 0-0 Nf6 7. a3 Bd6 8. h3 h5 9. d4 cxd4 10. Nxd4 Nxd4 11. Qxd4 Ng4 12. Bxg4 hxg4 13. Qxg7 Bh2+ 14. Kh1 Be5 15. Qxg4 Qxc4 16. Bd2 b5 17. Rac1 Bb7 18. Nd5 Bxd5 19. Rxc4 Bxc4 20. Rb1 Bd3 21. Rd1 0-0-0 22. Qf3 1-0

[Event "BL2-Sued 1516"]
[Site "Germany"]
[Date "2015.09.20"]
[Round "1.7"]
[White "Schnadt, Florian"]
[Black "Moeldner, Juergen"]
[Result "1/2-1/2"]
[WhiteElo "2136"]
[BlackElo "2248"]
[PlyCount "49"]
[EventDate "2015.09.20"]
[EventType "team-tourn"]
[EventRounds "9"]
[EventCountry "GER"]
[SourceTitle "EXT 2017"]
[Source "ChessBase"]
[SourceDate "2016.10.25"]
[SourceVersion "1"]
[SourceVersionDate "2016.10.25"]
[SourceQuality "1"]
[WhiteTeam "Schoenaich"]
[BlackTeam "Landau"]
[WhiteTeamCountry "GER"]
[BlackTeamCountry "GER"]

1. d4 d5 2. c4 c6 3. Nf3 Nf6 4. Nc3 dxc4 5. a4 Bf5 6. Ne5 Nbd7 7. Nxc4 Qc7 8. g3 e5 9. dxe5 Nxe5 10. Bf4 Nfd7 11. Bg2 g5 12. Ne3 gxf4 13. Nxf5 0-0-0 14. Qc2 Kb8 15. 0-0-0 Ng6 16. Ne4 Qe5 17. Ned6 Bxd6 18. Nxd6 Qe6 19. Qc4 Qxc4+ 20. Nxc4 Nc5 21. a5 Kc7 22. Kc2 f6 23. b4 Nd7 24. Be4 Rhe8 25. f3 1/2-1/2

[Event "Oberliga Sued W 1415"]
[Site "Germany"]
[Date "2015.02.01"]
[Round "6.6"]
[White "Busche, Stefan"]
[Black "Moeldner, Juergen"]
[Result "1-0"]
[WhiteElo "2108"]
[BlackElo "2229"]
[PlyCount "107"]
[EventDate "2014.09.21"]
[EventType "team-tourn"]
[EventRounds "9"]
[EventCountry "GER"]
[SourceTitle "EXT 2019"]
[Source "ChessBase"]
[SourceDate "2018.10.10"]
[SourceVersion "1"]
[SourceVersionDate "2018.10.10"]
[SourceQuality "1"]
[WhiteTeam "Saarbruecken SVG"]
[BlackTeam "Landau"]
[WhiteTeamCountry "GER"]
[BlackTeamCountry "GER"]

1. e4 e6 2. d4 d5 3. Nd2 Nf6 4. e5 Nfd7 5. c3 c5 6. Bd3 Nc6 7. Ne2 cxd4 8. cxd4 f6 9. exf6 Nxf6 10. Nf3 Bd6 11. 0-0 Qc7 12. Bg5 0-0 13. Bh4 Nh5 14. Qc2 h6 15. Bh7+ Kh8 16. Bg6 Nf4 17. Nxf4 Bxf4 18. Bg3 Qb6 19. Rad1 Bd7 20. Rfe1 Rac8 21. Bxf4 Rxf4 22. Qd2 Rcf8 23. Bb1 R4f6 24. Qd3 g6 25. Rd2 Be8 26. Ne5 Nxe5 27. Rxe5 Kg7 28. Qe3 Bd7 29. Qd3 Rc8 30. Re1 Qd6 31. g3 Rc4 32. b3 Rc8 33. Rc2 Rcf8 34. f4 Qb4 35. Rec1 Bc6 36. h4 Qb6 37. Rc3 Kf7 38. Qe3 Ke7 39. Re1 Qb4 40. Rec1 g5 41. hxg5 hxg5 42. fxg5 Rf3 43. Qe5 Rf1+ 44. Rxf1 Rxf1+ 45. Kxf1 Qxc3 46. Qc7+ Kf8 47. Qd6+ Kg8 48. Qd8+ Kg7 49. Qe7+ Kg8 50. Qxe6+ Kg7 51. Qh6+ Kf7 52. Bg6+ Ke6 53. Bh7+ Kd7 54. Qg7+ 1-0